000 01018nam0a22002651 4500
001 v19\rc\1822857
005 20260406200753.0
035 _a(NLR Aleph) 004920389
090 _a5571827
_c5571827
100 _a20071224d1907 |||y0rusy50 ca
101 0 _arus
102 _aRU
105 _ay b |||||
200 1 _aКаталог Рыбацкой библиотеки-читальни в память 19 февраля 1861 г. Общества вспомоществования нуждающимся ученикам училищ с. Рыбацкого
210 _aСанкт-Петербург
_d1907
215 _a39 с.
_d18
710 0 2 _aРыбацкая б-ка-читальня в память 19 февраля 1861 г.
_cПетербургская губ.
_3RU\NLR\AUTH\889960321
_9416892
801 0 _aRU
_bNLR
_gpsbo
801 0 _aRU
_bRuMoRGB
_2psbo
801 1 _aRU
_bProSoft-M
_2rusmarc
852 _aNLR
_bБ
_j9600/Р933
899 _aRuMoRGB
_jR 10/690
899 _aБАН
942 _cBOOK
980 _aNB